Elements of the theory of numbers
Na minha lista:
| Autor principal: | |
|---|---|
| Formato: | Livro |
| Idioma: | Undetermined |
| Publicado em: |
San Diego, CA
Harcourt Academic Press
1998
|
| Assuntos: | |
| Tags: |
Adicionar Tag
Sem tags, seja o primeiro a adicionar uma tag!
|
| Thư viện lưu trữ: | Trung tâm Học liệu Trường Đại học Cần Thơ |
|---|
| LEADER | 00510nam a2200181Ia 4500 | ||
|---|---|---|---|
| 001 | CTU_61554 | ||
| 008 | 210402s9999 xx 000 0 und d | ||
| 082 | |a 512.7 | ||
| 082 | |b D391 | ||
| 100 | |a Dence, Joseph B. | ||
| 245 | 0 | |a Elements of the theory of numbers | |
| 245 | 0 | |c Joseph B. Dence and Thomas P. Dence | |
| 260 | |a San Diego, CA | ||
| 260 | |b Harcourt Academic Press | ||
| 260 | |c 1998 | ||
| 650 | |a Number theory | ||
| 904 | |i Minh,Hải | ||
| 980 | |a Trung tâm Học liệu Trường Đại học Cần Thơ | ||